000 00402nam a22001457a 4500
082 _a339.46
100 _aWang Sangui
245 _aPoverty alleviation in contemporary china
_cEdited by Wang Sangui
260 _aBeijing:
_bChina Renmin University Press;
_c2019.
300 _a298p
563 _aPB
650 _aPoverty
_938043
942 _2ddc
_cBK
999 _c586523
_d586523